Harry Potter and the half-blood prince / (Record no. 911)

MARC details
000 -LEADER
fixed length control field 00657nam a22001937a 4500
005 - DATE AND TIME OF LATEST TRANSACTION
control field 20230203083326.0
008 - FIXED-LENGTH DATA ELEMENTS--GENERAL INFORMATION
fixed length control field 230203b |||||||| |||| 00| 0 eng d
020 ## - INTERNATIONAL STANDARD BOOK NUMBER
International Standard Book Number 0-439-78454-9
082 ## - DEWEY DECIMAL CLASSIFICATION NUMBER
Classification number Fic. R884 2005
100 ## - MAIN ENTRY--PERSONAL NAME
Personal name Rowling, J. K.
Relator term author
245 ## - TITLE STATEMENT
Title Harry Potter and the half-blood prince /
Statement of responsibility, etc. J. K. Rowling; illustrated by Mary Grande
260 ## - PUBLICATION, DISTRIBUTION, ETC.
Place of publication, distribution, etc. New York:
Name of publisher, distributor, etc. Scholastic,
Date of publication, distribution, etc. c2005.
300 ## - PHYSICAL DESCRIPTION
Extent x, 652p.;
Other physical details ill.
541 ## - IMMEDIATE SOURCE OF ACQUISITION NOTE
Accession number 5292
650 ## - SUBJECT ADDED ENTRY--TOPICAL TERM
Topical term or geographic name entry element Potter, Harry (Fictitious character) - Fiction
650 ## - SUBJECT ADDED ENTRY--TOPICAL TERM
Topical term or geographic name entry element Hogwarts School of Witchcraft and wizardry (Imaginary place) - Fiction
650 ## - SUBJECT ADDED ENTRY--TOPICAL TERM
Topical term or geographic name entry element Wizards- Fiction
650 ## - SUBJECT ADDED ENTRY--TOPICAL TERM
Topical term or geographic name entry element Fantasy - Fiction
Holdings
Withdrawn status Lost status Source of classification or shelving scheme Damaged status Not for loan Home library Current library Date acquired Total Checkouts Full call number Barcode Date last seen Date last checked out Copy number Price effective from Koha item type
    Dewey Decimal Classification     ctu-moalboal ctu-moalboal 05/03/2018 1 Fic. R884 2005 5292 05/07/2024 05/07/2024 1 02/03/2023 Books-Fiction